000 00630nab a2200181 4500
999 _c372338
_d372338
001 90031
003 OSt
005 20230411080845.0
007 tu
008 110905s2000|||||||
040 _aDE-2950
_cDE-2950
245 0 0 _aDiskussion über Sendekosten.
_bRathaus. Radio Slubfurt in Frankfurt überträgt die Stadtverordnetenversammlung bislang unentgeltlich - doch jetzt muss für das Angebot gezahlt werden /
_cLisa Mahlke
264 _c2023
653 _aFrankfurt (Oder)
653 _aStadtverordnetenversammlung
773 0 _g34. Jahrgang (2023) Nr. 76, 30.03.2023, S. 13: mit Foto
_tMärkische Oderzeitung
942 _2z
_cA